[Event "Russian Championship G13 1st league 2016"]
[Site "Loo"]
[Date "2016.04.26"]
[Round "7.4"]
[White "Kokueva, Alisa"]
[Black "Vityugova, Yaroslava"]
[Result "1-0"]
[WhiteElo "1512"]
[BlackElo "1386"]
[PlyCount "71"]
[EventDate "2016.04.20"]

1. e4 e6 2. d4 d5 3. Nd2 c5 4. c3 Nc6 5. Ngf3 Nf6 6. Bd3 Qb6 7. exd5 exd5 8.
Qe2+ Be7 9. dxc5 Qxc5 10. Nb3 Qd6 11. h3 O-O 12. O-O Re8 13. Qc2 h6 14. Be3 b6
15. Rfd1 Bd8 16. Rac1 Bc7 17. Nbd4 Ne5 18. Nxe5 Qxe5 19. Nf3 Qd6 20. c4 Bb7 21.
c5 bxc5 22. Bxc5 Qd8 23. Bxa7 Bf4 24. Be3 Bxe3 25. fxe3 Rxe3 26. Qb3 Qd7 27.
Bh7+ Nxh7 28. Qxe3 Re8 29. Qf2 Nf6 30. Nd2 d4 31. Nb3 d3 32. Nc5 Qe7 33. Nxb7
Qxb7 34. Rxd3 Qe4 35. Rcd1 Nh5 36. Rd8 1-0

[Event "Russian Championship G13 1st league 2016"]
[Site "Loo"]
[Date "2016.04.26"]
[Round "7.5"]
[White "Dedushinskaya, Anna"]
[Black "Kombar, Mariya"]
[Result "0-1"]
[WhiteElo "1366"]
[BlackElo "1497"]
[PlyCount "84"]
[EventDate "2016.04.20"]

1. e4 c5 2. Nc3 Nc6 3. g3 g6 4. Bg2 Bg7 5. d3 d6 6. Be3 Nf6 7. h3 O-O 8. Qd2
Rb8 9. Bh6 b5 10. Bxg7 Kxg7 11. f4 Qc7 12. Nge2 b4 13. Nd1 a5 14. O-O Ba6 15.
Ne3 e6 16. g4 Nd7 17. f5 Rbe8 18. g5 f6 19. Ng4 exf5 20. exf5 Nce5 21. gxf6+
Nxf6 22. Qh6+ Kg8 23. fxg6 Nexg4 24. hxg4 Qg7 25. gxh7+ Kh8 26. Qd2 Qxg4 27.
Rf2 Kxh7 28. a3 Bc8 29. Raf1 Nd7 30. Rf3 Rxf3 31. Rxf3 Re5 32. axb4 axb4 33. d4
Rh5 34. Nf4 Rf5 35. Rh3+ Kg8 36. Ne2 Kf7 37. dxc5 dxc5 38. Rh7+ Ke8 39. Rh8+
Nf8 40. Qe3+ Kf7 41. Ng3 Rg5 42. Qb3+ Be6 0-1

[Event "Russian Championship G13 1st league 2016"]
[Site "Loo"]
[Date "2016.04.26"]
[Round "7.6"]
[White "Shubina, Ekaterina"]
[Black "Korobitsyna, Olesya"]
[Result "0-1"]
[WhiteElo "1469"]
[BlackElo "1607"]
[PlyCount "62"]
[EventDate "2016.04.20"]

1. e4 g6 2. d4 Bg7 3. f4 d6 4. Nc3 a6 5. Nf3 b5 6. Bd3 b4 7. Nd5 a5 8. c3 c6 9.
Ne3 Nd7 10. Qa4 Qb6 11. O-O Bb7 12. f5 Ngf6 13. fxg6 hxg6 14. Ng5 O-O 15. Qd1
e5 16. Be2 exd4 17. cxd4 Rae8 18. Bg4 Nxg4 19. Qxg4 Nf6 20. Qh4 Nh5 21. g4 f6
22. Nh7 Kxh7 23. gxh5 g5 24. Qf2 Qxd4 25. Qf5+ Kh8 26. h6 Bxh6 27. Qg6 Bg7 28.
Rf2 Rxe4 29. Qh5+ Kg8 30. Nf5 Rg4+ 31. Ng3 Qd1+ 0-1

[Event "Russian Championship G13 1st league 2016"]
[Site "Loo"]
[Date "2016.04.26"]
[Round "7.7"]
[White "Ershova, Margarita"]
[Black "Pogorelskikh, Sofia"]
[Result "0-1"]
[WhiteElo "1513"]
[BlackElo "1686"]
[PlyCount "86"]
[EventDate "2016.04.20"]

1. e4 c5 2. f4 Nc6 3. Nc3 e6 4. Nf3 d5 5. Bb5 Nf6 6. e5 Nd7 7. O-O a6 8. Bxc6
bxc6 9. Kh1 Be7 10. d4 Bb7 11. dxc5 Bxc5 12. Nd4 O-O 13. Nb3 Be7 14. Qg4 Re8
15. Bd2 c5 16. Rae1 Bf8 17. f5 Kh8 18. fxe6 fxe6 19. Rf7 Re7 20. Bg5 Qe8 21.
Rxe7 Bxe7 22. Bd2 Qf7 23. Na5 Rf8 24. Qe2 Ba8 25. h3 Qf5 26. Bc1 d4 27. Nd1
Qxh3+ 28. Kg1 Qf5 29. Nc4 Bd5 30. b3 Bxc4 31. bxc4 Bh4 32. Rf1 Qxf1+ 33. Qxf1
Rxf1+ 34. Kxf1 Nxe5 35. Nb2 Be7 36. Bf4 Nc6 37. Bc7 Nb4 38. Nd3 Nxc2 39. Bf4
Na3 40. Ne5 Kg8 41. Ke2 Bd6 42. Kd3 Nb1 43. g3 g5 0-1

[Event "Russian Championship G13 1st league 2016"]
[Site "Loo"]
[Date "2016.04.26"]
[Round "7.8"]
[White "Tinina, Kristina"]
[Black "Batarova, Alina"]
[Result "1/2-1/2"]
[WhiteElo "1595"]
[BlackElo "1503"]
[PlyCount "70"]
[EventDate "2016.04.20"]

1. e4 c5 2. Nf3 d6 3. d4 cxd4 4. Nxd4 Nf6 5. Nc3 g6 6. Be3 Bg7 7. f3 O-O 8. Qd2
Nc6 9. g4 Be6 10. h4 Qd7 11. h5 Rad8 12. hxg6 fxg6 13. O-O-O Ne5 14. g5 Nh5 15.
Nxe6 Qxe6 16. f4 Nc4 17. Bxc4 Qxc4 18. Qd5+ Qxd5 19. Nxd5 Kf7 20. Kb1 b6 21.
Rh3 Rc8 22. f5 e6 23. fxg6+ hxg6 24. Rf3+ Ke8 25. Rxf8+ Kxf8 26. Nf4 Nxf4 27.
Bxf4 e5 28. Bc1 Ke7 29. b3 Ke6 30. Ba3 Rd8 31. Rh1 Rh8 32. Rd1 Rd8 33. Rh1 Rh8
34. Rd1 Rd8 35. Rh1 Rh8 1/2-1/2

[Event "Russian Championship G13 1st league 2016"]
[Site "Loo"]
[Date "2016.04.26"]
[Round "7.9"]
[White "Sidorova, Alyona"]
[Black "Zavgorodneva, Ekaterina"]
[Result "1/2-1/2"]
[WhiteElo "1375"]
[BlackElo "1531"]
[PlyCount "177"]
[EventDate "2016.04.20"]

1. d4 d5 2. c4 e6 3. Nc3 c6 4. Nf3 Nf6 5. Bg5 Nbd7 6. e3 Bd6 7. cxd5 cxd5 8.
Bb5 Qa5 9. Bxf6 gxf6 10. O-O Ke7 11. Bxd7 Bxd7 12. e4 Bc6 13. e5 fxe5 14. dxe5
Bb4 15. Qd4 Bxc3 16. bxc3 Rag8 17. Qh4+ Ke8 18. Qd4 h5 19. Rfc1 Rg4 20. Qe3
Rhg8 21. g3 b6 22. Nd4 Qc5 23. Qd3 Bb7 24. Nb5 Ba6 25. Nd6+ Qxd6 26. Qxa6 Qc7
27. Qb5+ Qd7 28. Qe2 Qc7 29. Qb5+ Ke7 30. Re1 Qc4 31. Qb2 Qc5 32. Rac1 h4 33.
Kg2 hxg3 34. hxg3 Ke8 35. Rb1 Rc4 36. Re3 d4 37. cxd4 Qxd4 38. Qb5+ Kf8 39. Qb3
Qd5+ 40. Rf3 Rc5 41. Qa3 Qxe5 42. Qxa7 Qc7 43. Qxc7 Rxc7 44. Rxb6 Ra7 45. Rxe6
Rxa2 46. Ref6 Rg7 47. R3f4 Ke7 48. R6f5 Ke6 49. Rb5 Ke7 50. g4 Rd2 51. Re5+ Kf8
52. Rfe4 Kg8 53. Kg3 Rd1 54. Re1 Rxe1 55. Rxe1 f5 56. f3 fxg4 57. fxg4 Kf7 58.
Re5 Kf6 59. Rb5 Kg6 60. Rf5 Kh6 61. Kh4 Ra7 62. g5+ Kg6 63. Rf6+ Kg7 64. Kh5
Ra1 65. Rg6+ Kh7 66. Rh6+ Kg7 67. Rc6 Rh1+ 68. Kg4 Rg1+ 69. Kf4 Rf1+ 70. Ke3
Re1+ 71. Kf3 Rf1+ 72. Ke4 Re1+ 73. Kf4 Rf1+ 74. Kg3 Rg1+ 75. Kh4 Rh1+ 76. Kg4
Rg1+ 77. Kf4 Rf1+ 78. Ke4 Re1+ 79. Kf5 Rf1+ 80. Ke5 Re1+ 81. Kd6 Rd1+ 82. Kc7
Rd5 83. g6 Rg5 84. Kd8 Rxg6 85. Rc7+ Kh6 86. Ke8 Rg8+ 87. Kd7 Rg7+ 88. Kd6 Rxc7
89. Kxc7 1/2-1/2

[Event "Russian Championship G13 1st league 2016"]
[Site "Loo"]
[Date "2016.04.26"]
[Round "7.10"]
[White "Garafutdinova, Diana"]
[Black "Vorobieva, Varvara"]
[Result "1/2-1/2"]
[WhiteElo "1530"]
[BlackElo "1480"]
[PlyCount "98"]
[EventDate "2016.04.20"]

1. e4 e5 2. Nf3 Nc6 3. Bb5 a6 4. Ba4 Nf6 5. O-O Nxe4 6. d4 b5 7. Bb3 d5 8. dxe5
Be6 9. Be3 Nc5 10. Bxc5 Bxc5 11. Nc3 Ne7 12. Qe2 O-O 13. Rad1 c6 14. Ne4 Bb6
15. Rfe1 h6 16. Nd6 Nf5 17. Nxf5 Bxf5 18. c4 bxc4 19. Bxc4 Qc8 20. Bb3 Re8 21.
Rc1 Qb7 22. Ba4 Re6 23. Qd1 Bg4 24. Qb3 Bxf3 25. Qxf3 Rb8 26. Qg4 Rg6 27. Qf4
Re6 28. Bc2 Rbe8 29. Bf5 R6e7 30. Bd3 Re6 31. Bf5 R6e7 32. Bd3 Re6 33. Qf5 g6
34. Qf4 Kg7 35. Re2 Bc7 36. Rce1 Ba5 37. b4 Qxb4 38. Qxb4 Bxb4 39. Rb1 a5 40.
f4 c5 41. Bb5 R8e7 42. Rb3 c4 43. Rb1 Rb6 44. a4 Bc5+ 45. Kf1 c3 46. Rc1 d4 47.
g4 f6 48. Bc4 fxe5 49. fxe5 Rb8 1/2-1/2

[Event "Russian Championship G13 1st league 2016"]
[Site "Loo"]
[Date "2016.04.26"]
[Round "7.11"]
[White "Safronova, Aleksandra"]
[Black "Belova, Ksenia"]
[Result "1-0"]
[WhiteElo "1686"]
[BlackElo "1474"]
[PlyCount "53"]
[EventDate "2016.04.20"]

1. e4 c5 2. Nf3 Nc6 3. Bb5 g6 4. O-O Bg7 5. c3 Nf6 6. Re1 O-O 7. h3 h6 8. d4 d5
9. e5 Ne4 10. Nbd2 Nxd2 11. Bxd2 cxd4 12. cxd4 Qb6 13. Bxc6 Qxc6 14. Bb4 Re8
15. Rc1 Qb6 16. Qa4 Bf5 17. Qa3 e6 18. Bc5 Bf8 19. Qe3 Bxc5 20. dxc5 Qd8 21.
Qxh6 f6 22. g4 Be4 23. Rxe4 dxe4 24. Qxg6+ Kf8 25. exf6 Qc7 26. Ng5 Qf4 27.
Nh7# 1-0

[Event "Russian Championship G13 1st league 2016"]
[Site "Loo"]
[Date "2016.04.26"]
[Round "7.12"]
[White "Larina, Tatiana"]
[Black "Shamsutdinova, Karina"]
[Result "1-0"]
[WhiteElo "1666"]
[BlackElo "1437"]
[PlyCount "157"]
[EventDate "2016.04.20"]

1. e4 c5 2. Nf3 e6 3. d3 Nc6 4. Nbd2 Qc7 5. g3 a6 6. Bg2 Nf6 7. O-O Be7 8. Re1
d6 9. c3 O-O 10. Nf1 b5 11. h3 Bb7 12. N3h2 Rfd8 13. f4 d5 14. Qe2 dxe4 15.
dxe4 b4 16. g4 bxc3 17. bxc3 Rd7 18. g5 Ne8 19. f5 exf5 20. exf5 Qd8 21. Ng4
Nd6 22. Bxc6 Bxc6 23. Ne5 Be4 24. Nxd7 Qxd7 25. Ng3 Bb7 26. Bf4 Qc6 27. Rab1
Re8 28. Bxd6 Qxd6 29. Kh2 Qc7 30. f6 Qc6 31. Rxb7 Qxb7 32. fxe7 g6 33. Ne4 Qc7+
34. Kg1 Rxe7 35. Nf6+ Kf8 36. Qxe7+ Qxe7 37. Rxe7 Kxe7 38. Ne4 c4 39. Nd2 f5
40. Nxc4 Ke6 41. Ne3 f4 42. Ng4 Kf5 43. Kf2 Kxg5 44. Ne5 Kf5 45. Nd7 g5 46. Nc5
a5 47. a4 g4 48. h4 h5 49. Nb3 Ke4 50. Nd2+ Kd3 51. Nb3 Kxc3 52. Nxa5 Kb4 53.
Nc6+ Kxa4 54. Ne5 g3+ 55. Kf3 Kb5 56. Ng6 Kc5 57. Nxf4 Kd6 58. Kxg3 Ke5 59.
Nxh5 Kf5 60. Nf4 Kf6 61. Kg4 Kg7 62. Kg5 Kh7 63. Ne6 Kh8 64. Kg6 Kg8 65. Ng5
Kf8 66. Kh7 Ke7 67. Kg7 Kd6 68. h5 Ke5 69. h6 Kf5 70. Nf7 Ke6 71. h7 Kd5 72.
h8=Q Kd4 73. Qe8 Kd5 74. Qe5+ Kc6 75. Kf6 Kd7 76. Qd6+ Kc8 77. Qe7 Kb8 78. Nd6
Ka8 79. Qb7# 1-0

[Event "Russian Championship G13 1st league 2016"]
[Site "Loo"]
[Date "2016.04.26"]
[Round "7.13"]
[White "Emelyanenko, Marina"]
[Black "Zhurova, Anna"]
[Result "1-0"]
[WhiteElo "1451"]
[BlackElo "1595"]
[PlyCount "98"]
[EventDate "2016.04.20"]

1. e4 c5 2. Ne2 Nc6 3. d4 cxd4 4. Nxd4 d6 5. Nc3 Nf6 6. Qd3 Bd7 7. Be2 g6 8. h3
Bg7 9. Be3 O-O 10. f4 Nxd4 11. Bxd4 Bc6 12. g4 Qa5 13. O-O Nd7 14. Bxg7 Kxg7
15. Kh2 Kg8 16. g5 Nc5 17. Qf3 Qb4 18. a3 Qxb2 19. Rfb1 Qxc2 20. Ra2 Bxe4 21.
Rxc2 Bxf3 22. Bxf3 Rab8 23. Nd5 e6 24. Nf6+ Kg7 25. Rxc5 dxc5 26. Nd7 b6 27.
Kg3 c4 28. a4 c3 29. Rc1 Rbc8 30. Nxf8 Kxf8 31. Be2 Ke7 32. Kf3 Kd6 33. Ke4 Rc5
34. Rd1+ Rd5 35. Rxd5+ exd5+ 36. Kd3 d4 37. Bd1 Kc5 38. Bb3 Kb4 39. Bxf7 Kxa4
40. Bg8 Ka3 41. Kc2 Kb4 42. Bxh7 d3+ 43. Kd1 Kb3 44. Bxg6 c2+ 45. Kc1 Kc3 46.
Bxd3 Kxd3 47. g6 a5 48. g7 a4 49. g8=Q a3 1-0

[Event "Russian Championship G13 1st league 2016"]
[Site "Loo"]
[Date "2016.04.26"]
[Round "7.14"]
[White "Airapetyan, Anzhelika"]
[Black "Andreeva, Anastasiia"]
[Result "1/2-1/2"]
[WhiteElo "1416"]
[BlackElo "1513"]
[PlyCount "159"]
[EventDate "2016.04.20"]

1. e4 e6 2. d4 d5 3. Nd2 dxe4 4. Nxe4 Nf6 5. Bd3 Nc6 6. Nf3 h6 7. O-O a6 8. c3
Be7 9. Bf4 Nd5 10. Be3 b6 11. Ng3 Nf6 12. h3 Bd6 13. Ne4 Nxe4 14. Bxe4 Bb7 15.
Qc2 Rb8 16. Rfe1 O-O 17. Qd2 f5 18. Bxc6 Bxc6 19. Bf4 Bxf3 20. gxf3 Rf6 21. Kh1
Rg6 22. Rg1 Rxg1+ 23. Rxg1 Qh4 24. Bxd6 cxd6 25. Kh2 g5 26. Qe2 Kf7 27. Kg2 b5
28. Re1 Re8 29. d5 e5 30. Qe3 Qc4 31. Qa7+ Re7 32. Qxa6 Qxd5 33. Qa3 Rc7 34.
Qb3 Rc4 35. Qd1 Qc6 36. Qd3 Rf4 37. Rd1 Ke6 38. Kg3 h5 39. b3 h4+ 40. Kg2 g4
41. hxg4 Rxg4+ 42. Kh3 Rf4 43. Kg2 e4 44. Qe3 h3+ 45. Kg1 Rh4 46. fxe4 h2+ 47.
Kh1 Qxe4+ 48. Qxe4+ fxe4 49. a4 bxa4 50. bxa4 e3 51. fxe3 Rxa4 52. Kxh2 Re4 53.
Rd3 Rc4 54. Kg3 Ke5 55. Kf3 d5 56. Ke2 Rg4 57. Rd4 Rg2+ 58. Kd3 Rg1 59. Rh4
Rd1+ 60. Ke2 Rc1 61. Kd2 Rg1 62. Ke2 Rg2+ 63. Kd3 Rg1 64. Rh5+ Kd6 65. Rh4 Rd1+
66. Kc2 Re1 67. Kd2 Rg1 68. c4 Rg2+ 69. Kd3 dxc4+ 70. Rxc4 Rg5 71. e4 Rg3+ 72.
Kd4 Rg5 73. Ra4 Rh5 74. Ra6+ Kd7 75. e5 Rh1 76. Rd6+ Ke7 77. Ra6 Rd1+ 78. Kc3
Rc1+ 79. Kd2 Rc5 80. Ra7+ 1/2-1/2

[Event "Russian Championship G13 1st league 2016"]
[Site "Loo"]
[Date "2016.04.26"]
[Round "7.15"]
[White "Kovtun, Tatyana"]
[Black "Semenova, Dariya"]
[Result "0-1"]
[WhiteElo "1419"]
[BlackElo "1511"]
[PlyCount "82"]
[EventDate "2016.04.20"]

1. e4 e6 2. d4 d5 3. e5 c5 4. Nf3 cxd4 5. Nxd4 Nc6 6. Nxc6 bxc6 7. Be3 Qc7 8.
f4 Ne7 9. Bc5 Ng6 10. Bxf8 Nxf8 11. Nc3 Nd7 12. Be2 O-O 13. Rb1 f6 14. exf6
Rxf6 15. O-O Rxf4 16. Bg4 Rxf1+ 17. Qxf1 Nf6 18. Bf3 e5 19. Kh1 Be6 20. b4 Rb8
21. Na4 Nd7 22. a3 Rf8 23. Qd1 a6 24. c3 Bf5 25. Rc1 Qa7 26. c4 e4 27. Be2 Be6
28. Bg4 Bxg4 29. Qxg4 Ne5 30. Qe6+ Qf7 31. cxd5 cxd5 32. Qxf7+ Rxf7 33. Rc8+
Rf8 34. Rc1 Nc4 35. Kg1 Nxa3 36. Rc6 Rf6 37. Rc8+ Kf7 38. Rd8 Nc2 39. Rxd5 Ne3
40. Rd7+ Ke8 41. Rc7 Rf1# 0-1

[Event "Russian Championship G13 1st league 2016"]
[Site "Loo"]
[Date "2016.04.26"]
[Round "7.16"]
[White "Izbekova, Evdokia"]
[Black "Moskaleva, Arina"]
[Result "1-0"]
[WhiteElo "1509"]
[BlackElo "1392"]
[PlyCount "71"]
[EventDate "2016.04.20"]

1. e4 c5 2. c3 Nf6 3. e5 Nd5 4. d4 e6 5. Nf3 cxd4 6. Nxd4 d6 7. exd6 Bxd6 8.
Bc4 Nd7 9. Nd2 N7f6 10. N2f3 a6 11. Bg5 Qc7 12. Qe2 Nf4 13. Bxf4 Bxf4 14. g3
Bd6 15. O-O-O O-O 16. Qd3 b5 17. Bxb5 axb5 18. Nxb5 Bf4+ 19. gxf4 Qxf4+ 20. Qe3
Qa4 21. Na3 Bb7 22. Rhg1 Be4 23. Rd4 Qc6 24. Ne5 Qc7 25. Qg3 Nh5 26. Qg5 Bg6
27. Qe3 Ra5 28. Nxg6 hxg6 29. h3 Rb8 30. Rgd1 Nf6 31. Rc4 Qe7 32. Qf4 e5 33.
Re1 e4 34. Qxb8+ Kh7 35. Qc7 Qe6 36. Qxa5 1-0

[Event "Russian Championship G13 1st league 2016"]
[Site "Loo"]
[Date "2016.04.26"]
[Round "7.17"]
[White "Silchenko, Karina"]
[Black "Surkova, Ekaterina"]
[Result "0-1"]
[WhiteElo "1310"]
[BlackElo "1482"]
[PlyCount "92"]
[EventDate "2016.04.20"]

1. e4 d5 2. e5 d4 3. Bc4 e6 4. Qg4 c5 5. d3 Qb6 6. f4 Nc6 7. Nf3 Nge7 8. c3 Nf5
9. b3 Bd7 10. O-O O-O-O 11. cxd4 Ncxd4 12. Nxd4 Nxd4 13. Na3 Bc6 14. Bb2 Be7
15. Bxd4 cxd4 16. Nb1 h5 17. Qe2 h4 18. f5 h3 19. gxh3 Bg5 20. Nd2 Be3+ 21. Rf2
Bxf2+ 22. Qxf2 Bd5 23. fxe6 Bxe6 24. Rc1 Kb8 25. Bxe6 Qxe6 26. Nf3 Qg6+ 27. Qg3
Qxd3 28. e6+ Ka8 29. Ne5 Qxg3+ 30. hxg3 fxe6 31. Nf7 Rc8 32. Rd1 Rxh3 33. Rxd4
Rxg3+ 34. Kf2 Rgc3 35. Nd6 Rd8 36. Ne4 Rxd4 37. Nxc3 g5 38. Ke3 Rh4 39. Ne4
Rh3+ 40. Kd4 g4 41. Ke5 g3 42. Ng5 Rh2 43. Kxe6 Re2+ 44. Kf5 Rxa2 45. Kf4 g2
46. Nh3 Ra1 0-1

[Event "Russian Championship G13 1st league 2016"]
[Site "Loo"]
[Date "2016.04.26"]
[Round "7.18"]
[White "Tletseri, Julietta"]
[Black "Zarkova, Elizaveta"]
[Result "1/2-1/2"]
[WhiteElo "1546"]
[BlackElo "1372"]
[PlyCount "88"]
[EventDate "2016.04.20"]

1. e4 e5 2. Nf3 Nc6 3. Nc3 Nf6 4. d4 exd4 5. Nxd4 Bb4 6. Nxc6 Bxc3+ 7. bxc3
bxc6 8. Bd3 h6 9. O-O O-O 10. f4 d6 11. h3 Re8 12. Qf3 Bb7 13. Rb1 Rb8 14. e5
Nd7 15. Qg3 Kh8 16. exd6 cxd6 17. f5 Nf6 18. Ba3 c5 19. c4 Be4 20. Rb3 Rxb3 21.
axb3 Bxd3 22. cxd3 Qe7 23. Kh1 Nh5 24. Qg4 Qe2 25. Rf3 Qe1+ 26. Kh2 Qe5+ 27.
Kh1 Nf6 28. Qf4 Qxf4 29. Rxf4 Re3 30. Rf3 Rxf3 31. gxf3 a5 32. Kg2 Nd7 33. f4
Kg8 34. Kf3 Kf8 35. d4 Ke7 36. dxc5 Nxc5 37. Bxc5 dxc5 38. Ke4 Kd6 39. h4 f6
40. h5 Kc6 41. Kd3 Kb6 42. Ke3 Kc6 43. Kd3 Kb6 44. Ke4 Kc6 1/2-1/2

[Event "Russian Championship G13 1st league 2016"]
[Site "Loo"]
[Date "2016.04.26"]
[Round "7.19"]
[White "Timofeeva, Juliya"]
[Black "Volkova, Alina"]
[Result "1-0"]
[WhiteElo "1393"]
[BlackElo "1469"]
[PlyCount "165"]
[EventDate "2016.04.20"]

1. e4 e6 2. d4 d5 3. e5 c5 4. c3 Qb6 5. Nf3 Nc6 6. a3 Bd7 7. b4 cxb4 8. cxb4
Rc8 9. Bb2 Nge7 10. Bd3 Na5 11. Nbd2 Nc4 12. Nxc4 dxc4 13. Be4 Bc6 14. Bxc6+
Qxc6 15. O-O Nd5 16. Qe2 Be7 17. Rad1 O-O 18. g3 Rfd8 19. h4 Bf8 20. Ng5 h6 21.
Ne4 a6 22. Nc3 b5 23. f4 g6 24. Nxd5 Rxd5 25. Bc3 Be7 26. h5 Kh7 27. hxg6+ fxg6
28. Qh2 Qe8 29. Qh3 Qf7 30. g4 Rf8 31. Rd2 Kg7 32. Rh2 Rh8 33. f5 Kg8 34. g5 h5
35. fxe6 Qe8 36. Qf3 Rd8 37. Qf7+ Qxf7 38. exf7+ Kf8 39. Rg2 Rh7 40. e6 Rd5 41.
Re1 h4 42. Re5 Rd8 43. d5 h3 44. Rg3 Bd6 45. e7+ Bxe7 46. Rxe7 Kxe7 47. Bf6+
Kxf7 48. Bxd8 Ke8 49. Bf6 Kd7 50. Kh2 Kd6 51. Rxh3 Rxh3+ 52. Kxh3 Kxd5 53. Kg3
Ke4 54. Kf2 Kd3 55. Kf3 c3 56. Kf4 c2 57. Bb2 Kd2 58. Ke5 c1=Q 59. Bxc1+ Kxc1
60. Kf6 Kb2 61. Kxg6 Kxa3 62. Kf7 Kxb4 63. g6 Kc3 64. g7 b4 65. g8=Q b3 66.
Qc8+ Kd2 67. Qxa6 b2 68. Qa2 Kc1 69. Qc4+ Kd2 70. Qb3 Kc1 71. Qc3+ Kb1 72. Ke6
Ka2 73. Qc2 Ka1 74. Qa4+ Kb1 75. Kd5 Kc1 76. Qc4+ Kd2 77. Qb3 Kc1 78. Qc3+ Kb1
79. Kc4 Ka2 80. Qc2 Ka1 81. Qa4+ Kb1 82. Kc3 Kc1 83. Qc2# 1-0

[Event "Russian Championship G13 1st league 2016"]
[Site "Loo"]
[Date "2016.04.26"]
[Round "7.20"]
[White "Ivanova, Anastasia"]
[Black "Makarova, Anastasiya"]
[Result "0-1"]
[WhiteElo "1460"]
[BlackElo "1385"]
[PlyCount "176"]
[EventDate "2016.04.20"]

1. d4 d5 2. c4 e6 3. Nc3 Nf6 4. Bg5 Be7 5. Nf3 Nbd7 6. e3 b6 7. Bd3 O-O 8. O-O
Bb7 9. cxd5 exd5 10. Re1 c5 11. Bc2 Ne4 12. Bxe7 Qxe7 13. dxc5 Nxc3 14. bxc3
bxc5 15. Qd3 Nf6 16. Ng5 g6 17. Rab1 h6 18. Nf3 Rab8 19. Ba4 Qe6 20. Rec1 Ba6
21. Qc2 Qe4 22. Qxe4 Nxe4 23. Ra1 Rb2 24. Bb3 c4 25. Rc2 Rxc2 26. Bxc2 Nxc3 27.
a3 Rb8 28. h3 Rb2 29. Nd4 Ne2+ 30. Nxe2 Rxc2 31. Nd4 Rb2 32. Rc1 Bb5 33. Rc3
Kg7 34. g4 Kf6 35. Kg2 a6 36. Kg3 Rb1 37. h4 Rd1 38. Nxb5 axb5 39. f4 Rb1 40.
Kf3 Rb3 41. Rc2 Rxa3 42. Rd2 Rd3 43. Rb2 Rb3 44. Rd2 b4 45. Rxd5 c3 46. Rd6+
Kg7 47. Rd1 Rb2 48. Rc1 c2 49. Ke2 b3 50. Kd2 Rb1 51. e4 b2 52. Rxc2 Rd1+ 53.
Kxd1 b1=Q+ 54. Kd2 Qg1 55. g5 Qf2+ 56. Kd3 Qxf4 57. gxh6+ Qxh6 58. Rh2 Qf4 59.
Re2 Qxh4 60. e5 Qd8+ 61. Ke4 Qa8+ 62. Kf4 Qe8 63. Kg5 Qe7+ 64. Kg4 Qe6+ 65. Kg3
f6 66. exf6+ Qxf6 67. Rf2 Qg5+ 68. Kf3 Qf5+ 69. Kg3 Qe5+ 70. Kf3 Kh6 71. Rg2 g5
72. Rg3 Qf4+ 73. Kg2 g4 74. Rb3 Qc7 75. Rg3 Qc2+ 76. Kg1 Kh5 77. Rg2 Qd1+ 78.
Kf2 Qd2+ 79. Kg1 Qf4 80. Rf2 Qe3 81. Kf1 Qxf2+ 82. Kxf2 Kh4 83. Kg2 g3 84. Kg1
Kg4 85. Kg2 Kf4 86. Kf1 Kf3 87. Kg1 g2 88. Kh2 Kf2 0-1

[Event "Russian Championship G13 1st league 2016"]
[Site "Loo"]
[Date "2016.04.26"]
[Round "7.21"]
[White "Tokmakova, Ulyana"]
[Black "Sych, Alina"]
[Result "1/2-1/2"]
[WhiteElo "1175"]
[BlackElo "1442"]
[PlyCount "111"]
[EventDate "2016.04.20"]

1. Nf3 g6 2. d4 Bg7 3. b3 d5 4. Bb2 Nf6 5. e3 Bf5 6. c4 O-O 7. Be2 Ne4 8. O-O
c5 9. Nbd2 Nc6 10. Nh4 cxd4 11. Nxf5 gxf5 12. cxd5 Nxd2 13. Qxd2 dxe3 14. fxe3
Bxb2 15. Qxb2 Qxd5 16. Rf3 Qe5 17. Qxe5 Nxe5 18. Rxf5 Ng6 19. Rd5 Rfd8 20. Rad1
Rxd5 21. Rxd5 Nf8 22. Bc4 Rc8 23. Kf2 a6 24. a4 Kg7 25. Kf3 Kf6 26. Kg4 e6 27.
Rd4 Ng6 28. h3 Ne5+ 29. Kf4 Ng6+ 30. Kf3 Rc7 31. g3 Ke7 32. h4 h5 33. Kf2 Ne5
34. Be2 Rc2 35. b4 Ng4+ 36. Ke1 Nxe3 37. Bxh5 Rg2 38. Rf4 f5 39. Rf3 Nd5 40.
Rb3 Rc2 41. b5 a5 42. Ra3 Rc4 43. Bd1 Nc3 44. Bc2 Nxb5 45. axb5 Rxc2 46. Rxa5
Rb2 47. Kf1 e5 48. Kg1 e4 49. h5 Kf6 50. h6 Kg6 51. b6 Rxb6 52. h7 Kxh7 53.
Rxf5 Re6 54. Rf7+ Kg6 55. Rxb7 Kf5 56. Kf2 1/2-1/2

[Event "Russian Championship G13 1st league 2016"]
[Site "Loo"]
[Date "2016.04.26"]
[Round "7.22"]
[White "Tarielashvili, Diana"]
[Black "Starostina, Alexandra"]
[Result "1-0"]
[WhiteElo "1441"]
[BlackElo "1345"]
[PlyCount "129"]
[EventDate "2016.04.20"]

1. e4 e5 2. Nf3 d6 3. d4 Nd7 4. Bc4 c6 5. O-O Be7 6. Nc3 Ngf6 7. Qe2 O-O 8. Rd1
Qc7 9. a4 a5 10. h3 h6 11. dxe5 dxe5 12. Nh4 Nc5 13. Ng6 Re8 14. Qf3 Be6 15.
Bxe6 Nxe6 16. Nxe7+ Qxe7 17. Qg3 Ng5 18. Bxg5 hxg5 19. Qxg5 Qb4 20. Rd3 Nh7 21.
Qc1 Rad8 22. Rxd8 Rxd8 23. Ra3 Qd4 24. Qe3 Qxe3 25. fxe3 Nf6 26. Rb3 Rd7 27.
Kf1 Kf8 28. Ke2 Ke8 29. Ra3 g6 30. Ra1 Ke7 31. Rc1 Rd8 32. Kf3 Rd2 33. Nb1 Rd8
34. Na3 b6 35. Nc4 Nd7 36. Rd1 Rc8 37. Rxd7+ Kxd7 38. Nxb6+ Kd8 39. Nxc8 Kxc8
40. h4 Kd7 41. g4 Ke7 42. h5 Kf6 43. h6 g5 44. Ke2 Kg6 45. Kd3 Kxh6 46. Kc4 Kg6
47. Kc5 Kf6 48. Kxc6 Ke6 49. Kb5 Kd6 50. Kxa5 Kc5 51. b4+ Kc4 52. b5 Kc3 53. b6
Kd2 54. b7 Kxe3 55. b8=Q Kxe4 56. Qf8 Kd4 57. Qxf7 e4 58. Qf6+ Ke3 59. Qxg5+
Kf3 60. Qe5 e3 61. g5 e2 62. g6 Kf2 63. g7 e1=Q+ 64. Qxe1+ Kxe1 65. g8=Q 1-0

[Event "Russian Championship G13 1st league 2016"]
[Site "Loo"]
[Date "2016.04.26"]
[Round "7.23"]
[White "Pichnenko, Nina"]
[Black "Tumashevich, Elizaveta"]
[Result "1-0"]
[WhiteElo "1439"]
[BlackElo "1305"]
[PlyCount "85"]
[EventDate "2016.04.20"]

1. e4 c5 2. d4 cxd4 3. c3 Nf6 4. e5 Ng8 5. cxd4 d6 6. f4 dxe5 7. fxe5 e6 8. Nf3
Ne7 9. Be2 g6 10. Nc3 Bg7 11. Bg5 O-O 12. O-O Nbc6 13. Qd2 Qb6 14. Kh1 Nf5 15.
g4 Nfxd4 16. Na4 Nxf3 17. Rxf3 Qd4 18. Qc2 Qxe5 19. Be3 Rd8 20. Raf1 Rd7 21.
Nc3 Nd4 22. Bxd4 Qxd4 23. Rf4 Qd6 24. Bb5 Rc7 25. Qf2 f5 26. gxf5 exf5 27. Rd1
Qf8 28. Bc4+ Kh8 29. Nd5 Rd7 30. Bb5 Rd8 31. Bc4 b6 32. Qh4 Bb7 33. Qh3 Qc5 34.
b4 Qxb4 35. Rh4 h6 36. Rxh6+ Bxh6 37. Qxh6+ Kg8 38. Qxg6+ Kh8 39. Qf6+ Kh7 40.
Qxf5+ Kh6 41. Rg1 Bxd5+ 42. Bxd5 Qh4 43. Qg6# 1-0

[Event "Russian Championship G13 1st league 2016"]
[Site "Loo"]
[Date "2016.04.26"]
[Round "7.24"]
[White "Sharikova, Arina"]
[Black "Nikonorova, Melaniya"]
[Result "1/2-1/2"]
[WhiteElo "1381"]
[BlackElo "1419"]
[PlyCount "81"]
[EventDate "2016.04.20"]

1. e4 c5 2. Nf3 d6 3. Bb5+ Nc6 4. Bxc6+ bxc6 5. O-O Bb7 6. b3 Nf6 7. d3 g6 8.
Bb2 Bg7 9. Nbd2 O-O 10. Ne1 Re8 11. Rb1 e6 12. f4 d5 13. Qf3 d4 14. f5 e5 15.
Qh3 Ba6 16. Nef3 Nh5 17. Kh1 Rb8 18. Qg4 Bc8 19. Ng5 Bf6 20. Nh3 Bg7 21. Qf3
Qh4 22. fxg6 Nf6 23. gxf7+ Kxf7 24. Nc4 Re6 25. Bc1 h6 26. Nxe5+ Rxe5 27. Bf4
Bg4 28. Qf2 Qxf2 29. Nxf2 Ke6 30. Nxg4 Nxg4 31. Bxe5 Bxe5 32. h3 Ne3 33. Rf2
Bg3 34. Rf3 Be5 35. a4 Nxc2 36. Kg1 Ne3 37. g4 a5 38. Kf2 Rg8 39. Rc1 Bd6 40.
Ke2 Rb8 41. Rb1 1/2-1/2

[Event "Russian Championship G13 1st league 2016"]
[Site "Loo"]
[Date "2016.04.26"]
[Round "7.26"]
[White "Abrarova, Rimma"]
[Black "Lobanova, Milana"]
[Result "0-1"]
[WhiteElo "1529"]
[BlackElo "1316"]
[PlyCount "90"]
[EventDate "2016.04.20"]

1. e4 c6 2. d4 d5 3. exd5 cxd5 4. Bd3 Nf6 5. Bf4 g6 6. Nf3 Bg7 7. O-O O-O 8.
Re1 Nc6 9. c3 Bg4 10. Nbd2 Nh5 11. Bg5 h6 12. Be3 f5 13. Nb3 f4 14. Bd2 e5 15.
Bxg6 e4 16. Bxe4 dxe4 17. Rxe4 Qd5 18. Re1 Rae8 19. Rxe8 Rxe8 20. Nc5 b6 21.
Nd3 Bxf3 22. Qxf3 Qxf3 23. gxf3 Re2 24. Nxf4 Rxd2 25. Nxh5 Rxb2 26. Nf4 Rc2 27.
Nd5 Kf7 28. a4 Ke6 29. Ne3 Rd2 30. d5+ Rxd5 31. Nxd5 Kxd5 32. Rc1 Kc4 33. f4
Bxc3 34. f5 Kb4 35. f6 Nd8 36. Rd1 Bxf6 37. Rd6 Be7 38. Rxh6 Kxa4 39. Rh7 Nc6
40. Rh6 Kb5 41. Rh5+ Bc5 42. h4 a5 43. Rh8 a4 44. h5 a3 45. Ra8 Na5 0-1